| 000 | 01164cam a22003617a 4500 | ||
|---|---|---|---|
| 003 | CHAP | ||
| 005 | 20220817041228.0 | ||
| 008 | 971013s1991 r 00010 d | ||
| 010 | _a9161 | ||
| 011 | _a10133 | ||
| 035 | _a9370 | ||
| 040 | _cCHAP | ||
| 090 | _aFolleto 14246 | ||
| 100 | 0 | 0 |
_aKeane, Peter J. _962860 |
| 245 | 0 | _aVascular-streak dieback of cocoa | |
| 260 |
_aWallingford, UK : _bA.B. International, _c1991 |
||
| 300 |
_a39 p. _b: ilus. ; gráfs |
||
| 490 | 0 |
_aPhytopathological papers _v; 33 |
|
| 590 |
_aBATCH-UPD _b10 _c20130110 _lUCH01 _h0333 |
||
| 590 |
_aBATCH-UPD _b10 _c20130110 _lUCH01 _h1700 |
||
| 590 |
_aBATCH-UPD _b10 _c20130410 _lUCH01 _h0006 |
||
| 590 |
_aBATCH-UPD _b10 _c20130914 _lUCH01 _h0803 |
||
| 590 |
_aCONVERSION _b10 _c20130109 _lUCH01 _h1306 |
||
| 650 | 1 | 4 |
_aCacao _xEnfermedades. _916941 |
| 650 | 1 | 4 |
_aHongos fitopatógenos. _956132 |
| 650 | 1 | 4 |
_aOncobasidium theobromae. _983299 |
| 700 | 0 |
_aPrior, C. _991662 |
|
| 710 | 0 | _aInternational Mycological Institute. | |
| 830 | 0 |
_aPhytopathological papers _v; 33 _987912 |
|
| 901 | _aBK | ||
| 942 | _cFOLL | ||
| 949 |
_aFolleto 14246 _bBC _cFOLL _d-19997 _eTS1 _gI. c/e _i9370 _si _t72.84 |
||
| 999 |
_c9161 _d9161 |
||